000 00595nam a22002057a 4500
999 _c140777
_d140777
005 20230801110016.0
010 _aENG-118534 ENG-137380
020 _a9788192060875
_c290.00
020 _a9788192060875
_c370.00
035 _aEN-102066
035 _aEN-120912
037 _bDBAD/PUB
082 _a346.07
100 _aPrasad, G
245 _aStudents' hand book of business law/
_cby G. Prasad
260 _aA.P.
_bjai Bharth Publishers
_c2012
270 _a2/18 Brodiepet, Guntur
_bA.P.
_e522002
300 _aMulti Pages.
_c24cm(pbk)
942 _2ddc
_cEN
_mPRA
_h346.07